| 000 | 00892nas a2200301 4500 | ||
|---|---|---|---|
| 001 | BR9502747 | ||
| 003 | BR-BrBNA | ||
| 005 | 20231205094020.0 | ||
| 007 | ta | ||
| 008 | 230509b bl.|||p| |||| 00| 00por d | ||
| 040 |
_aBR-BrBNA _bpor _cBiblioteca Nacional de Agricultura |
||
| 041 | _a(Pt) | ||
| 072 | _aQ51; Q54 | ||
| 100 | 1 | _aGadelha, J.A. | |
| 100 | 1 | _aMendonca, H.L. | |
| 100 | 1 | _aHaines, C.E. | |
| 100 | 1 | _aCatunda, A.G. | |
| 100 | 1 | _aBastos, J.R. | |
| 245 | 1 | _aSubstituicao da farinha de peixe pelo soluvel de cefalotorax de lagostas, em racoes para frangos de corte | |
| 650 | _aFrango de Corte | ||
| 650 | _aFarinha de Peixe | ||
| 650 | _aLagosta | ||
| 650 | _aRacao | ||
| 650 | _aValor Nutritivo | ||
| 773 | 0 |
_tBoletim Cearense de Agronomia (Brazil) _x _g(Jun 1972), v. 13 p. 49-56 _wBR9502747 |
|
| 909 |
_a202311 _bLúcia _c55 _dLúcia Elande |
||
| 942 |
_2AGRIS _n0 _cANA |
||
| 999 |
_c141600 _d141600 |
||